00782cam a22002054a 4500008004100000020002200041245014100063260005500204300003600259500002000295504004100315650006000356650005600416650003800472700002100510700001800531003000100549005001700550040000900567  a1857759036 (pbk.)00aE-Pathways :bcomputers and the patient's journey through care /cedited by Kathryn de Luc and Julian Todd ; foreword by J.A. Muir Gray. aAbingdon, U.K. :bRadcliffe Medical Press,cc2003. axviii, 226 p. :bill. ;c25 cm. aIncludes index. aIncludes bibliographical references. 0aHealth services administrationxInformation technology.12aCritical Pathwaysxorganization and administration.12aMedical Informatics Applications.1 aDe Luc, Kathryn.1 aTodd, Julian.20230123122150.0 cNUST